|
|
|
|
| LEADER |
01132nam a2200277 a 4500 |
| 001 |
3089314 |
| 008 |
090709s1999 nyu 001 0 eng d |
| 010 |
|
|
|a 98035047
|
| 020 |
|
|
|a 0393972895 (pbk. : v. 1)
|
| 020 |
|
|
|a 039397300X (pbk. : v. 2)
|
| 040 |
|
|
|a DLC
|c DLC
|d DLC
|
| 082 |
0 |
0 |
|a 808.8
|2 21
|
| 245 |
0 |
4 |
|a The Norton anthology of world masterpieces :
|b the Western tradition /
|c Sarah Lawall, general editor ; Maynard Mack, general editor emeritus.
|
| 250 |
|
|
|a 7th ed.
|
| 260 |
|
|
|a New York :
|b Norton,
|c c1999.
|
| 300 |
|
|
|a xvi, 2270 p. ;
|c 24 cm.
|
| 362 |
0 |
|
|a Vol. 1
|
| 504 |
|
|
|a Includes index.
|
| 541 |
1 |
|
|e 00016541
|
| 505 |
0 |
|
|a v. 1. Literature of Western culture through the Renaissance -- v. 2. Literature of Western culture since the Renaissance.
|
| 650 |
|
0 |
|a Literature
|x Collections.
|
| 700 |
1 |
|
|a Lawall, Sarah N.
|
| 700 |
1 |
|
|a Mack, Maynard,
|d 1909-
|
| 852 |
4 |
|
|a Ayesha Abed Library
|j General Shelf.
|
| 999 |
|
|
|c 2231
|d 2231
|
| 952 |
|
|
|0 0
|1 0
|2 ddc
|4 0
|6 808_800000000000000_NOR_1984
|7 0
|9 2057
|a BRACUL
|b BRACUL
|c GEN
|d 2009-07-09
|g 950.00
|l 3
|m 30
|o 808.8 NOR
|p 3010016541
|r 2022-06-19
|s 2022-06-15
|t 1
|v 1900.00
|w 2009-07-09
|y BK
|